000 00948nmm a2200277 a 4500
001 ocm000645377
003 TR-IsHL
005 20201028141102.0
008 131219s2010 tu tur
007 cr cn
020 _a9786055575748
035 _a645377
_b(N$T)
050 0 4 _aNC1660.T9
_bS34 2010
090 0 4 _aNC1660.T9
_bS34 2010
100 1 _aSchreiber, Ellen
245 1 0 _aVampir öpücükleri: kan akrabaları 3
_h[electronic resource] /
_cEllen Schreiber ; uyarl.D. M. Charkalis ; çiz. P. Hamby ; çev. Eray Elmacı
260 _aİstanbul :
_bArunas Yayıncılık,
_c2010
300 _a179 p.
650 4 _aDil ve Edebiyat
650 4 _aLanguage and Literature
650 0 _aÇizgi roman
650 0 _aComics
650 7 _aJUVENILE FICTION / Comics & Graphic Novels / General
_2bisacsh
700 1 _aCharkalis, D. M
856 4 0 _uhttp://search.ebscohost.com/login.aspx?direct=true&scope=site&db=e011xww&AN=645377
999 _c7629
_d7629